Clifford's good deeds / (Record no. 3693)

MARC details
000 -LEADER
fixed length control field 00881nam a2200289 i 4500
001 - CONTROL NUMBER
control field 3693
003 - CONTROL NUMBER IDENTIFIER
control field FISKH
005 - DATE AND TIME OF LATEST TRANSACTION
control field 20240411144428.0
008 - FIXED-LENGTH DATA ELEMENTS--GENERAL INFORMATION
fixed length control field 760725s1975 nyua j 000 1 eng
010 ## - LIBRARY OF CONGRESS CONTROL NUMBER
LC control number 75015463
020 ## - INTERNATIONAL STANDARD BOOK NUMBER
International Standard Book Number 0590074393 :
040 ## - CATALOGING SOURCE
Original cataloging agency DLC
Transcribing agency DLC
Modifying agency DLC
Language of cataloging eng
042 ## - AUTHENTICATION CODE
Authentication code lcac
050 00 - LIBRARY OF CONGRESS CALL NUMBER
Classification number PZ7.B7633
Item number Cm
082 00 - DEWEY DECIMAL CLASSIFICATION NUMBER
Classification number [E]
100 1# - MAIN ENTRY--PERSONAL NAME
Personal name Bridwell, Norman.
245 10 - TITLE STATEMENT
Title Clifford's good deeds /
Statement of responsibility, etc. story and pictures by Norman Bridwell.
260 ## - PUBLICATION, DISTRIBUTION, ETC.
Place of publication, distribution, etc. New York :
Name of publisher, distributor, etc. Scholastic,
Date of publication, distribution, etc. 1975.
300 ## - PHYSICAL DESCRIPTION
Extent 32 unnumbered pages :
Other physical details color illustrations ;
Dimensions 21 cm
520 ## - SUMMARY, ETC.
Summary, etc. Clifford, a very big dog who always overdoes his good deeds, finds something to do that is his size.
521 8# - TARGET AUDIENCE NOTE
Target audience note 410<br/>
Source Lexile<br/>
521 8# - TARGET AUDIENCE NOTE
Target audience note G<br/>
Source Raz-Plus<br/>
650 #1 - SUBJECT ADDED ENTRY--TOPICAL TERM
Topical term or geographic name entry element Dogs
General subdivision Fiction.
906 ## - LOCAL DATA ELEMENT F, LDF (RLIN)
a 7
b cbc
c orignew
d 2
e ocip
f 19
g y-gencatlg
942 ## - ADDED ENTRY ELEMENTS (KOHA)
Source of classification or shelving scheme Dewey Decimal Classification
Koha item type Books
Suppress in OPAC No
Holdings
Withdrawn status Lost status Source of classification or shelving scheme Damaged status Not for loan Collection Home library Current library Shelving location Date acquired Total Checkouts Full call number Barcode Date last seen Date last checked out Price effective from Koha item type
    Dewey Decimal Classification     Juvenile Fiction Footprints International School Library Network Toul Kork Campus Footprints International School Library Network Toul Kork Campus TK Primary Library Room(4th Floor), Bookcase 1&2, Shelves 1-16, Dark Blue Books 04/11/2024 3 BRI PZ7.B7633 863 FISBK072037 03/05/2026 02/13/2026 04/11/2024 Books